| 000 | 01237nac a22002891i 4500 | ||
|---|---|---|---|
| 003 | EG-ScBUE | ||
| 005 | 20230402111417.0 | ||
| 008 | 230402s1992 enk f b 001 0 eng d | ||
| 020 | _a9780521034432 | ||
| 020 | _a0521034434 | ||
| 040 |
_aEG-ScBUE _beng _erda _cEG-ScBUE _dEG-ScBUE |
||
| 082 | 0 | 4 |
_a792.092241 _bSTE _222 |
| 100 | 1 |
_aStephens, John Russell, _eauthor. |
|
| 245 | 1 | 4 |
_aThe profession of the playwright : _bBritish theatre, 1800-1900 / _cJohn Russell Stephens, lecturer in English, University College of Swansea. |
| 264 | 1 |
_aCambridge ; _aNew York : _bCambridge University Press, _c1992. |
|
| 300 |
_axix, 254 pages ; _c23 cm |
||
| 504 | _aIncludes bibliographical references and index. | ||
| 650 | 7 |
_aTheater _zGreat Britain _xHistory _y19th century. _2BUEsh |
|
| 650 | 7 |
_aTheater and society _zGreat Britain. _2BUEsh |
|
| 650 | 7 |
_aEnglish drama _y19th century _xHistory and criticism. _2BUEsh |
|
| 650 | 7 |
_aDrama _xPublishing _zGreat Britain _xHistory _y19th century. _2BUEsh |
|
| 653 | _bART | ||
| 655 | _vReading book | ||
| 856 | 4 | 2 |
_3Publisher description _uhttp://www.loc.gov/catdir/description/cam024/90025605.html |
| 856 | 4 | 2 |
_3Table of contents _uhttp://www.loc.gov/catdir/toc/cam028/90025605.html |
| 942 |
_cBB _2ddc |
||
| 999 |
_c3416 _d3416 |
||